| 000 | 00653cam a2200241 a 4500 | ||
|---|---|---|---|
| 005 | 20260322212035.0 | ||
| 008 | data | ||
| 010 | _a 00043597 | ||
| 020 | _a014200023X (pbk.) | ||
| 020 | _a9780142000236 (pbk.) | ||
| 040 |
_aDLC _cDLC _dDLC |
||
| 041 | 1 |
_aeng _hdut |
|
| 050 | 0 | 0 |
_aPT5881.14.O67 _bH3713 2001 |
| 082 | 0 | 0 |
_a839.3/1364 _221 |
| 100 | 1 | _aDorrestein, Renate. | |
| 240 | 1 | 0 |
_aHart van steen. _lEnglish |
| 245 | 1 | 2 |
_aA heart of stone / _cRenate Dorrestein & Hester Velmans. |
| 250 | _aTranslated from Danish. | ||
| 260 |
_aNew York : _bPenguin Books, _c2001, 2002. |
||
| 300 |
_a243 p. ; _c22 cm. |
||
| 700 | 1 | _aVelmans, Hester. | |
| 001 | data | ||
| 999 |
_c828 _d828 |
||